Milímetros - revista do audiovisual capixaba (Registro n. 690)

Detalhes MARC
000 -LEADER
fixed length control field 00810nas a2200217 4500
005 - DATE AND TIME OF LATEST TRANSACTION
control field 20260515173502.0
008 - FIXED-LENGTH DATA ELEMENTS--GENERAL INFORMATION
fixed length control field 260515b20082016por|r|p|rq||| 10| 00por d
040 ## - CATALOGING SOURCE
Transcribing agency BR-ViAPE
245 ## - TITLE STATEMENT
Title Milímetros - revista do audiovisual capixaba
260 ## - PUBLICATION, DISTRIBUTION, ETC.
Place of publication, distribution, etc. Vitória
Name of publisher, distributor, etc. ABD Capixaba
Date of publication, distribution, etc. 2008-2016
300 ## - PHYSICAL DESCRIPTION
Other physical details il.
Extent v.
310 ## - CURRENT PUBLICATION FREQUENCY
Current publication frequency Anual
362 ## - DATES OF PUBLICATION AND/OR SEQUENTIAL DESIGNATION
Dates of publication and/or sequential designation n. 0 (jun. 2008) - n. 6 (2016).
500 ## - GENERAL NOTE
General note Disponibilizada apenas a imagem da capa na versão digital, em virtude de restrições de direitos autorais.
500 ## - GENERAL NOTE
General note Coleção incompleta: disponíveis apenas alguns números do periódico.
650 ## - SUBJECT ADDED ENTRY--TOPICAL TERM
Source of heading or term Audiovisual
General subdivision Cinema
-- Entrevistas
Geographic subdivision Espírito Santo
651 ## - SUBJECT ADDED ENTRY--GEOGRAPHIC NAME
Geographic name Espírito Santo (Brasil)
Form subdivision Periódicos
710 ## - ADDED ENTRY--CORPORATE NAME
Corporate name or jurisdiction name as entry element ABD Capixaba
942 ## - ADDED ENTRY ELEMENTS (KOHA)
Source of classification or shelving scheme Dewey Decimal Classification
Suppress in OPAC Yes
Koha item type Periódicos
Exemplares
Withdrawn status Lost status Source of classification or shelving scheme Damaged status Not for loan Home library Current library Date acquired Total checkouts Date last seen Price effective from Koha item type
    Dewey Decimal Classification     Hemeroteca Digital do Arquivo Público do Estado do Espírito Santo Hemeroteca Digital do Arquivo Público do Estado do Espírito Santo 05/15/2026   05/15/2026 05/15/2026 Periódicos